Vybrané kapitoly z klinickej gastroenterológie pre praktických lekárov 2. žalúdok 3.časť

Bibliographic Details
Main Author: Hrčka, Rudolf (Author)
Format: Article
Language:Slovak
PhysicalDescription:Obr.
ISSN:1336-4790
Subjects:

MARC

LEADER 00000nab a2200000 a 4500
001 vtls008416480
003 SK-MaSNL
005 20260303070022.0
008 141122c2005 xo 0 slo
015 |a SNBCL2005/5 
035 |a SLK035029 
040 |a SLKCL  |b slo  |c SNKBUCL  |e AACR2 
041 1 |a slo 
044 |a xo  |c SK 
080 |a 612.323:616.33-002.44-071.2  |2 1981 
100 1 |a Hrčka, Rudolf  |4 aut  |9 12535 
245 1 0 |a Vybrané kapitoly z klinickej gastroenterológie pre praktických lekárov  |b 2. žalúdok  |n 3.časť  |c Rudolf Hrčka 
300 |b Obr. 
650 0 7 |a žalúdok  |x účinky liekov  |2 MESH  |9 1066901 
650 0 7 |a kyselina žalúdková  |x fyziológia  |2 MESH  |9 1066902 
650 0 7 |a vred peptický  |x diagnostika  |2 MESH  |9 1066903 
650 0 7 |a choroby žalúdka  |x diagnostika  |2 MESH  |9 1066904 
650 0 7 |a fyziológia trávenia  |2 MESH  |9 1066905 
650 0 7 |a achlórhydria  |x komplikácie  |2 MESH  |9 851306 
773 0 |t Via practica  |g Roč. 2, č. 7-8 s prílohou Gastroenterológia (2005), s. IX.-XII.  |x 1336-4790 
850 |a Slovenská lekárska knižnica v Bratislave  |a BA006 
852 |a BA006  |b KIS3GCP  |b 000500000 
999 |c 1753574  |d 1755504